RuPaul's Miss Congeniality Winners - Statistics

General Stats
  • This quiz has been taken 121 times
  • The average score is 10 of 11
Answer Stats
Hint Answer % Correct
Season 9 Valentina
94%
Season 7 Katya
93%
Season 1 Nina Flowers
93%
Season 6 BenDeLaCreme
92%
Season 10 Monet X Change
90%
Season 4 Latrice Royale
87%
Season 8 Cynthia Lee Fontaine
84%
Season 11 Nina West
84%
Season 2 Pandora Boxx
82%
Season 5 Ivy Winters
81%
Season 3 Yara Sofia
81%
No matching quizzes found
Score Distribution
Percent of People with Each Score
Percentile by Number Answered
Your Score History
You have not taken this quiz